000 01373naa a22003257a 4500
001 BR8101751
003 BR-BrBNA
005 20240918174731.0
007 ta
008 230509b bl.||||| |||| 00| 0 por d
040 _aBR-BrBNA
_bpor
_cBiblioteca Nacional de Agricultura
041 _a(Pt)
072 _aH20
_b0180
_b4120
_bG514
090 _aH20 BR8101751
100 1 _aCoelho, E.T.
111 1 _a11. Reuniao Nacional de Pesquisa de Trigo
_cPorto Alegre, RS (Brazil)
_d4 Aug 1980
245 1 _aPesquisa de fontes de resistencia as racas de Puccinia graminis tritici (Ferrugem do colmo do trigo)[Triticum aestivum; Rio Grande do Sul; Brasil]
246 1 _a[Research on resistance sources to the breeds of Puccinia graminis tritici (Wheat stem rust)[Triticum aestivum; Rio Grande do Sul; Brazil]]
246 1 _a[Sanity]
_b[v. 2]
260 3 _aPasso Fundo, RS (Brasil):
_c1980.
500 _aSanidade Passo Fundo, RS (Brasil): 1980. p. 116-120 (BR8101751-AM)H20
650 _aDoenca de planta
650 _aTrigo
650 _aFerrugem
650 _aVariedade resistente
650 _aRio Grande do Sul
773 0 _t16. Reuniao da Comissao Tecnica Regional de Sanidade Animal. Informe da Delegacao Brasileira [Doenca animal; Bovino]
_w5212 BR6000915
_gBrasilia, DF (Brasil), 1971.
_q36 p.
909 _a202404
_bLucia
_c55
_dLucia Elande
942 _cAM
_2AGRIS
999 _c313211
_d313211